| 000 | 00756nam a22002297a 4500 | ||
|---|---|---|---|
| 999 |
_c12434 _d12434 |
||
| 003 | AR-CdUCM | ||
| 008 | 190408b ||||| |||| 00| 0 spa d | ||
| 020 | _a968-29-1533-3 | ||
| 040 |
_aMUNICIPALIDAD PROVINCIAL DEL CUSCO _cBIBLIOTECA MUNICIPAL DEL CUSCO |
||
| 082 |
_aES / 869.103 / _bB27 |
||
| 100 |
_aBayona, Pedro _930282 |
||
| 245 | _aEl Misterio de los Niños Chatarra / | ||
| 260 |
_aMéxico : _b _c1987. |
||
| 300 |
_a72 páginas ; _bIlustraciones _c23cm |
||
| 440 |
_aColección Espiral _nLibros del Rincón SEP _930283 |
||
| 505 | _aContenido: Cuento | ||
| 650 |
_aCuento _94671 |
||
| 650 |
_aLiteratura mexicana _930276 |
||
| 710 |
_aSecretaría de Educación Pública _917942 |
||
| 942 |
_2ddc _cLIBROS |
||
| 945 |
_anom _d2019-04-08 |
||